<?xml version="1.0" encoding="UTF-8"?>
<record
    xmlns:xsi="http://www.w3.org/2001/XMLSchema-instance"
    xsi:schemaLocation="http://www.loc.gov/MARC21/slim http://www.loc.gov/standards/marcxml/schema/MARC21slim.xsd"
    xmlns="http://www.loc.gov/MARC21/slim">

  <leader>00745nam a22001937a 4500</leader>
  <controlfield tag="001">86485</controlfield>
  <controlfield tag="003">BD-RjUL</controlfield>
  <controlfield tag="005">20260514155209.0</controlfield>
  <controlfield tag="008">260514s1955    pk ||||| |||| 00| 0 urd d</controlfield>
  <datafield tag="035" ind1=" " ind2=" ">
    <subfield code="a">(BD-RjUL)86485</subfield>
  </datafield>
  <datafield tag="040" ind1=" " ind2=" ">
    <subfield code="a">BD-RjUL</subfield>
    <subfield code="b">eng</subfield>
    <subfield code="c">BD-RjUL</subfield>
  </datafield>
  <datafield tag="041" ind1=" " ind2=" ">
    <subfield code="a">urd</subfield>
  </datafield>
  <datafield tag="082" ind1=" " ind2=" ">
    <subfield code="2">23</subfield>
    <subfield code="a">297</subfield>
    <subfield code="b">HAM 1955</subfield>
  </datafield>
  <datafield tag="100" ind1=" " ind2=" ">
    <subfield code="a">&#x62D;&#x633;&#x646;&#x60C; &#x62D;&#x633;&#x646; &#x627;&#x628;&#x631;&#x627;&#x6C1;&#x6CC;&#x645; ;; Hassan, Hassan Ibrahim</subfield>
    <subfield code="9">18494</subfield>
  </datafield>
  <datafield tag="245" ind1=" " ind2=" ">
    <subfield code="a">&#x645;&#x634;&#x627;&#x6C1;&#x6CC;&#x631; &#x627;&#x633;&#x644;&#x627;&#x645; &#x62D;&#x633;&#x646; &#x627;&#x628;&#x631;&#x627;&#x6C1;&#x6CC;&#x645; &#x62D;&#x633;&#x646; &#x6A9;&#x6CC; &#x6A9;&#x62A;&#x627;&#x628; &#x627;&#x639;&#x644;&#x627;&#x645; &#x627;&#x644;&#x627;&#x633;&#x644;&#x627;&#x645; &#x6A9;&#x627; &#x627;&#x631;&#x62F;&#x648; &#x62A;&#x631;&#x62C;&#x645;&#x6C1; / Ma&#x161;&#x101;h&#x12B;r-i Isl&#x101;m &#x1E24;asan Ibr&#x101;h&#x12B;m &#x1E24;asan k&#x12B; kit&#x101;b A&#x2BF;l&#x101;m al-isl&#x101;m k&#x101; Urd&#x16B; tarjumah /</subfield>
    <subfield code="c"> &#x1E24;asan Ibr&#x101;h&#x12B;m &#x1E24;asan&#x62D;&#x633;&#x646; &#x627;&#x628;&#x631;&#x627;&#x6C1;&#x6CC;&#x645; &#x62D;&#x633;&#x646; </subfield>
  </datafield>
  <datafield tag="300" ind1=" " ind2=" ">
    <subfield code="a">353 p. ;</subfield>
    <subfield code="c">23 cm</subfield>
  </datafield>
  <datafield tag="650" ind1=" " ind2=" ">
    <subfield code="a">islam</subfield>
  </datafield>
  <datafield tag="942" ind1=" " ind2=" ">
    <subfield code="2">ddc</subfield>
    <subfield code="c">BK</subfield>
  </datafield>
  <datafield tag="999" ind1=" " ind2=" ">
    <subfield code="c">86485</subfield>
    <subfield code="d">86485</subfield>
  </datafield>
  <datafield tag="952" ind1=" " ind2=" ">
    <subfield code="0">0</subfield>
    <subfield code="1">0</subfield>
    <subfield code="2">ddc</subfield>
    <subfield code="4">0</subfield>
    <subfield code="7">1</subfield>
    <subfield code="8">NFIC</subfield>
    <subfield code="a">RUCL</subfield>
    <subfield code="b">RUCL</subfield>
    <subfield code="c">Reading</subfield>
    <subfield code="d">2026-05-14</subfield>
    <subfield code="l">0</subfield>
    <subfield code="o">U 297 HAM 1955</subfield>
    <subfield code="r">2026-05-14 15:50:55</subfield>
    <subfield code="t">C-1</subfield>
    <subfield code="w">2026-05-14</subfield>
    <subfield code="y">BK</subfield>
  </datafield>
</record>
